00802pam a2200241 i 4500001001400000003000400014005001700018008004100035015001400076020003800090040003400128082001700162100003600179245003800215264006500253300002300318336002100341337002500362338002300387586008400410650003100494650003500525vtls000842118PNM20190303113158.0171127s2017 my d 000 f may  aM17-13715 a9789672125594qpaperbackcRM25.90 aBNMbengcBNMdPNMdPPAKerda04a899.23332230 aAminah Mokhtar,d1959-eauthor.10aGENETIK KAMILAH /cAMINAH MOKHTAR 1aBandar Baru Bangi, Selangor :bUTUSAN KARYA SDN. BHD.,c2017 a214 pages ;c18 cm atext2rdacontent aunmediated2rdamedia avolume2rdacarrier aHadiah Sastera Kumpulan Utusan, Kategori Novel Remaja, 2016 - Consolation prize10aYoung adult fiction, Malay20aYoung adult fiction, Malaysian